00622nam a2200157Ia 4500008004100000082002200041100003200063245007500095260001400170300001200184365000600196520005600202630007500258650005600333730007500389100921s9999 xx 000 0 und d b21175a120 थ 88 aसोहोनी ग.म. aमरणोत्तर देहदान कां व कसे ?. b---c1988 a55b--- b5 aतत्वज्ञान-जीवन-मरण. aमरणोत्तर देहदान कां व कसे ?. aतत्वज्ञान-जीवन-मरण. aमरणोत्तर देहदान कां व कसे ?.